000 00463nam a2200169Ia 4500
005 20250326142139.0
008 250326s9999 xx 000 0 und d
037 _aTextbook
040 _aFMSL
_beng
_cFMSL
041 _aeng
_2eng
084 _aX:89ZB(Y31) M1
_qFMSL
245 0 _aTechnologies for rural development
260 _aBelgium
_bBelgium, Unesco
_c1981
300 _a174p
942 _cTB
_hX:89ZB(Y31) M1
999 _c1293656
_d1293656